Christ in session; (Record no. 5394)
[ view plain ]
| 000 -LEADER | |
|---|---|
| fixed length control field | 00526nam a2200205I 4500 |
| 001 - CONTROL NUMBER | |
| control field | 906018 |
| 003 - CONTROL NUMBER IDENTIFIER | |
| control field | OSt |
| 005 - DATE AND TIME OF LATEST TRANSACTION | |
| control field | 20190103173619.0 |
| 008 - FIXED-LENGTH DATA ELEMENTS--GENERAL INFORMATION | |
| fixed length control field | 740531|1973||||||| |||| ||eng c |
| 020 ## - INTERNATIONAL STANDARD BOOK NUMBER | |
| International Standard Book Number | 0800781325 |
| 040 ## - CATALOGING SOURCE | |
| Original cataloging agency | Hiram College Lib |
| Transcribing agency | DLC |
| 082 ## - DEWEY DECIMAL CLASSIFICATION NUMBER | |
| Classification number | 248 |
| Item number | M962C |
| 092 ## - LOCALLY ASSIGNED DEWEY CALL NUMBER (OCLC) | |
| Classification number | 248 |
| Item number | Mum |
| 100 1# - MAIN ENTRY--PERSONAL NAME | |
| Personal name | Mumford, Bob. |
| 245 10 - TITLE STATEMENT | |
| Title | Christ in session; |
| Remainder of title | an introduction to the Body of Christ. |
| 260 ## - PUBLICATION, DISTRIBUTION, ETC. | |
| Place of publication, distribution, etc. | Ft. Lauderdale, Florida, |
| Date of publication, distribution, etc. | [1973] |
| 300 ## - PHYSICAL DESCRIPTION | |
| Extent | 94p. |
| Dimensions | 18cm. |
| 650 #0 - SUBJECT ADDED ENTRY--TOPICAL TERM | |
| Topical term or geographic name entry element | Christian life. |
| 942 ## - ADDED ENTRY ELEMENTS (KOHA) | |
| Source of classification or shelving scheme | Dewey Decimal Classification |
| Koha item type | Books |
| Withdrawn status | Lost status | Source of classification or shelving scheme | Damaged status | Not for loan | Collection code | Home library | Current library | Shelving location | Date acquired | Cost, normal purchase price | Total Checkouts | Full call number | Barcode | Date last seen | Price effective from | Koha item type |
|---|---|---|---|---|---|---|---|---|---|---|---|---|---|---|---|---|
| Dewey Decimal Classification | Non-fiction | Harvest Mission College | Harvest Mission College | General Stacks | 03.01.2019 | 120.00 | 248 M962C | 006173 | 03.01.2019 | 03.01.2019 | Books |
